00338 a2200109 450000500170000000800410001702000180005810000110007624501060008726000270019330000080022020250801134033.0250728b |||||||| |||| 00| 0 eng d a9789355517104 aLee W. aImplementing Statistics With Pythonb: Optimize Decision-Making With Statistical Inference And Python bBPB Publicationsc2024 a333